Stavebníctvo

Stavebníctvo na Slovensku. Rebríčky firiem. Územný plán. Bytový fond. Financovanie. Interiér. Stavebníctvo v Európskej únii. Aquaparky.

Salvato in:
Dettagli Bibliografici
Natura: Capitolo di libro
Lingua:slovacco
Soggetti:
Tags: Aggiungi Tag
Nessun Tag, puoi essere il primo ad aggiungerne!!

MARC

LEADER 00000naa$a2200000$$$4500
001 0006260
005 20231009074600.8
041 0 |a slo 
044 |a SK 
245 1 0 |a Stavebníctvo 
520 |a Stavebníctvo na Slovensku. Rebríčky firiem. Územný plán. Bytový fond. Financovanie. Interiér. Stavebníctvo v Európskej únii. Aquaparky. 
610 2 0 |a stavebníctvo 
610 2 0 |a plán územný 
610 2 0 |a štatistika 
610 2 0 |a fond bytový 
610 2 0 |a financovanie 
610 2 0 |a Slovensko 
610 2 0 |a Európska únia